00395nam a2200133Ia 45000010005000000080041000050200022000460820020000681000034000882450070001222600027001929010027002199990015002462326241024s9999 xx 000 0 und d a978-9945-495-02-6 aRD/864.44/V422s aJulio (1899-1973) Vega Batlle 0aSobremesa de Anadel. Comentarios a la novela de Julio Vega Batlle bEditora Nacionalc2012 a9/8/2012 10:26:08 a.m. c7713d7713